Paroles J'comprends pas PNL - Statistiques

Statistiques générales
  • Ce quiz a été pris 342 fois
  • Le résultat moyen est 230 sur 367
Statistiques - réponses
Réponse % Correct
po
97%
je
96%
Je
96%
le
93%
me
92%
pas
92%
Ce
91%
en
89%
un
89%
la
88%
on
88%
pour
88%
ton
86%
de
84%
De
84%
les
84%
Les
84%
gros
82%
se
82%
soir
82%
et
81%
Et
81%
E.T
81%
fume
81%
poster
81%
j'téma
80%
même
80%
postérieur
80%
à
78%
veux
78%
pourquoi
77%
teh
77%
j'ai
76%
J'ai
76%
qui
76%
Tu
76%
c'est
75%
j'comprend
75%
J'comprend
75%
si
75%
ma
73%
vie
73%
bas
71%
mon
71%
baise
70%
baisé
70%
balles
70%
chelou,
70%
y'a
70%
que
69%
Que
69%
bâtiment
67%
tous
67%
cafard
66%
Jasmine
66%
mystère
66%
ta
66%
compte
65%
Jafar
65%
jours
65%
Igo
64%
igo
64%
mais
64%
s'perdent
64%
suis
63%
tue
63%
baba
62%
deviens
62%
méchant
62%
trainé
62%
trop
61%
pec
59%
T'es
59%
Végéta
59%
fais
57%
million
57%
comme
56%
faire
56%
l'enfer
56%
mes
56%
croyais
55%
dans
55%
J'comprends
55%
j'comprends
55%
coeur
54%
droit
54%
m'comprend
54%
pompe
54%
t'étais
54%
traction
54%
ne
53%
des
51%
dois
51%
j'bande
51%
regardent
51%
smiley
51%
yeux
51%
noir
50%
dieu
48%
faite
48%
j'fais
48%
sort
47%
vais
47%
bitch
45%
j'en
45%
laché
45%
ni
45%
pardonne
45%
QLF
45%
sous
45%
test
45%
doigts
44%
ils
44%
seul
44%
trompe
44%
met
43%
t'as
43%
vend
43%
j'espère
42%
ombre
42%
tri
42%
ai
41%
dernier
41%
Léonidas
41%
lune
41%
premier
41%
séduit
41%
tombe
41%
chemin
40%
haine
40%
savoir
39%
sombre
39%
étroit
38%
L'impression
38%
revendre
38%
soigne
38%
tellement
38%
avant
37%
hasard
36%
moi
36%
qu'on
36%
serais
36%
ceux
35%
J'm'endors
35%
claires
34%
péchés
34%
qu'il
34%
calmant
33%
croient
33%
part
33%
anges
32%
mif
32%
alcool
31%
crèvent
31%
j'entends
31%
J'vend
31%
vers
31%
j'pose
30%
parlent
30%
pose
30%
drogue
29%
casa
28%
Couvert
28%
d'oseille
28%
tail-dé
27%
khabat
26%
bave
25%
j'rentre
25%
Ouhwawa
24%
d'la
23%
prend
20%
Zadar
20%
tunes
19%
m'endettent
15%
j'm'embête
12%
Aucun quiz correspondant
Distribution des résultats
% des personnes avec chaque résultat
Percentile par nombre de réponses
Votre historique - résultats
Vous n’avez pas pris ce quiz